01741nam a22002297a 450000500170000000800450001702000180006205000190008010000280009924500690012725000140019626000530021030000320026350000340029550508190032970000270114870000320117594200380120799900160124595201260126195201240138720230614143508.0230614b ||||XCV | |||| 00| 0 eng d a9780073511320 aHD4901.M15(8e) 9McConnell, Campbell R.  aContemporary labour economics / cCampbell R. McConnell et al .- a8th ed.  aNew YorkbMcGraw-Hill, Higher Education, c2009. axiv, 625 p.: bll.;c24 cm. aIncludes glossary and index.  aContent: Labor economics : Introduction and overview -- The theory of individual labor supply -- Population, participation rates, and hours of work -- Labor quality: Investing in human capital -- The demand for labor -- Wage determination and allocation of labor -- Alternative pay scheme and labor efficiency -- Wage structure -- Mobility, migration, and efficiency -- Labor union and collective bargaining -- The economic impact of union -- Government and the labor market: Employment, expenditure, and taxation -- Government and the labor market: Legislation and regulation -- Labor market discrimination -- Job search: External and internal -- The distribution of personal earning -- Labor productivity: Wages, prices, and employment -- Employment and unemployment -- Information sources in labor economics.  aBrue, Stanley L.91630 aMacpherson, David A. 91635 2lcccBKe8th ed.hHD4901. M15(8e) c9684d17184 00102lcc4070aWIUC-1bWIUC-1cGENd2023-06-14l0oHD4901. M15(8e)p9469/170/23r2023-06-14 00:00:00t1w2023-06-14yBK 00102lcc4070aWIUC-1bWIUC-1cGENd2023-06-14oHD4901. M151(8e)p9468/169/23r2023-06-14 00:00:00t2w2023-06-14yBK